000 00642nam a2200277Ia 4500
005 20260324145503.0
008 008 260324s9999 xx 000 0 eng d
020 _a9780429052125
037 _aEBOOK
040 _aCRL
040 _beng
040 _cCRL
041 _2eng
041 _aeng
084 _qCRL
100 _aCoralie Bryant
_91223136
245 0 _aManaging Development In The Third World
260 _bTaylor and Francis
260 _c1982
365 _a
365 _b230
856 _uhttp://www.taylorfrancis.com/books/9780429052125
942 _cEBOOK
999 _c1831114
_d1831114